01254nam a22001937a 45000010005000000030006000050050017000110080041000280200018000690400029000870500017001160820011001331000021001442450046001652600033002113000025002445200748002696500043010175533FISKH20241217090230.0241217b cb ||||| |||| 00| 0 eng d a9782070149933 aFISKHbFrecFISKHdFISKH aPQ3989.S2455 a843.92 aSansal, Boualem  a2084 : la fin du monde / cBoualem Sansal aParis : bGallimard, c2015. a273 pages : c21 cm  aL'Abistan, immense empire, tire son nom du prophète Abi, "délégué" de Yölah sur terre. Son système est fondé sur l'amnésie et la soumission au dieu unique. Toute pensée personnelle est bannie, un système de surveillance omniprésent permet de connaître les idées et les actes déviants. Le peuple unanime vit dans le bonheur de la foi sans questions. Mais un homme, Ati, met en doute les certitudes imposées. Il se lance dans une enquête sur un peuple de renégats qui vit dans des ghettos, sans le recours de la religion. Au fil d'un récit plein d'inventions cocasses ou inquiétantes, Boualem Sansal s'inscrit dans la filiation d'Orwell pour brocarder les dérives et l'hypocrisie du radicalisme religieux. aAlgerian literature vTotalitarianism